[Event "TCh-ISR 2018"]
[Site "Israel ISR"]
[Date "2018.02.09"]
[Round "5.5"]
[Board "2"]
[White "Nabaty, Tamir"]
[Black "Bykhovsky, Avigdor"]
[Result "1-0"]
[WhiteTitle "GM"]
[BlackTitle "GM"]
[WhiteElo "2658"]
[BlackElo "2423"]
[WhiteTeam "HaPoel Kfar Saba"]
[BlackTeam "Elizur Dov Petah Tikva"]
[WhiteFideId "2809052"]
[BlackFideId "4101057"]
[EventDate "2018.01.05"]

1. d4 d5 2. Nf3 Nf6 3. Bf4 e6 4. e3 c5 5. Nbd2 Nc6 6. c3 Be7 7. h3 Bd6 8. dxc5
Bxc5 9. Bd3 Bd6 10. Bg5 h6 11. Bxf6 Qxf6 12. e4 O-O 13. O-O Rd8 14. Qe2 Bd7 15.
Rfe1 Bc7 16. e5 Qe7 17. Nb3 Bb6 18. Rad1 Qe8 19. Bb1 Kh8 20. Nh2 Rac8 21. Qd3
Qg8 22. Ng4 Ne7 23. Nd4 Nf5 24. Nxf5 exf5 25. Ne3 g6 26. Nxd5 Be6 27. c4 Qf8 28.
a3 Qc5 29. Qd2 Kg7 30. Ba2 a6 31. b4 Qf8 32. Qb2 Ba7 33. c5 Bb8 34. f4 Ba7 35.
Kh2 1-0

[Event "TCh-ISR 2018"]
[Site "Israel ISR"]
[Date "2018.02.09"]
[Round "5.5"]
[Board "3"]
[White "Oratovsky, Michael"]
[Black "Givon, Asaf"]
[Result "1/2-1/2"]
[WhiteTitle "GM"]
[BlackTitle "IM"]
[WhiteElo "2445"]
[BlackElo "2470"]
[WhiteTeam "Elizur Dov Petah Tikva"]
[BlackTeam "HaPoel Kfar Saba"]
[WhiteFideId "2802090"]
[BlackFideId "2801841"]
[EventDate "2018.01.05"]

1. e4 c5 2. Nf3 e6 3. g3 Nc6 4. Bg2 Nf6 5. d3 g6 6. O-O Bg7 7. c3 O-O 8. Re1 d5
9. e5 Nd7 10. d4 h6 11. Na3 Qb6 12. Nc2 cxd4 13. cxd4 f6 14. exf6 Nxf6 15. Qd3
Ne4 16. Be3 Bd7 1/2-1/2

[Event "TCh-ISR 2018"]
[Site "Israel ISR"]
[Date "2018.02.09"]
[Round "5.5"]
[Board "4"]
[White "Mindlin, Alon"]
[Black "Mesropov, Konstantin"]
[Result "1-0"]
[WhiteTitle "IM"]
[BlackTitle "IM"]
[WhiteElo "2459"]
[BlackElo "2427"]
[WhiteTeam "HaPoel Kfar Saba"]
[BlackTeam "Elizur Dov Petah Tikva"]
[WhiteFideId "2800071"]
[BlackFideId "4116887"]
[EventDate "2018.01.05"]

1. d4 Nf6 2. Nf3 e6 3. c4 c5 4. e3 d5 5. Nc3 Nc6 6. a3 a6 7. Bd3 dxc4 8. Bxc4 b5
9. Bd3 Bb7 10. O-O Rc8 11. h3 h6 12. Qe2 Be7 13. dxc5 Bxc5 14. b4 Bd6 15. Bb2
O-O 16. Ne4 Nxe4 17. Bxe4 Qe7 18. Rad1 Na5 19. Bxb7 Nxb7 20. Rd4 e5 21. Rd5 e4
22. Nd4 g6 23. Qg4 Kh7 24. Nf5 Qe6 25. Nxd6 Qxd5 26. Nxc8 h5 27. Ne7 1-0

[Event "TCh-ISR 2018"]
[Site "Israel ISR"]
[Date "2018.02.09"]
[Round "5.5"]
[Board "5"]
[White "Deutsch, Eyal"]
[Black "Rozentalis, Eduardas"]
[Result "1/2-1/2"]
[WhiteTitle "IM"]
[BlackTitle "GM"]
[WhiteElo "2350"]
[BlackElo "2527"]
[WhiteTeam "Elizur Dov Petah Tikva"]
[BlackTeam "HaPoel Kfar Saba"]
[WhiteFideId "2803917"]
[BlackFideId "12800023"]
[EventDate "2018.01.05"]

1. d4 Nf6 2. Nc3 d5 3. Bf4 c6 4. e3 Bf5 5. f3 e6 6. g4 Bg6 7. h4 h5 8. g5 Ng8 9.
Bd3 Bxd3 10. Qxd3 Ne7 11. Nge2 Ng6 12. e4 Bd6 13. Bxd6 Qxd6 14. O-O-O Nd7 15.
Qe3 Nb6 16. Kb1 O-O-O 17. b3 Kb8 18. Ka1 Rd7 19. f4 dxe4 20. Nxe4 Nd5 21. Qf3
Qc7 22. Nc5 Rdd8 23. Nd3 Nde7 24. c3 Nf5 25. Qf2 Rd5 26. Kb2 Rhd8 27. Qf3 Rh8
28. Qf2 a5 29. Ne1 c5 30. Nc2 Rhd8 31. Qf3 cxd4 32. Ncxd4 Nxd4 33. Rxd4 Rxd4 34.
cxd4 Qd6 35. f5 exf5 36. Qxf5 Re8 37. Qf3 Qb4 38. Rd1 Nxh4 39. Qxh5 Nf5 40. Nc3
Ne3 41. Rd3 Nc4+ 42. Kc2 Ne3+ 43. Kb2 a4 44. Qf3 Nc4+ 45. Kc2 axb3+ 46. axb3
Na3+ 47. Kb2 Nc4+ 48. Kc2 Nd6 49. Qd5 Rc8 50. Kd1 f6 51. gxf6 gxf6 52. Na4 Re8
53. Nc3 f5 54. Kc2 Rc8 55. Kb2 Nc4+ 56. Kc2 Nd6 57. Kb2 Rc6 58. Qg8+ Ka7 59. Qg1
Nc4+ 60. Kc2 Na3+ 61. Kb2 Nc4+ 62. Kc2 Na3+ 63. Kb2 1/2-1/2

[Event "TCh-ISR 2018"]
[Site "Israel ISR"]
[Date "2018.02.09"]
[Round "5.5"]
[Board "6"]
[White "Finkel, Alexander"]
[Black "Arlinsky, Uriel"]
[Result "0-1"]
[WhiteTitle "GM"]
[BlackTitle "FM"]
[WhiteElo "2489"]
[BlackElo "2330"]
[WhiteTeam "HaPoel Kfar Saba"]
[BlackTeam "Elizur Dov Petah Tikva"]
[WhiteFideId "2801957"]
[BlackFideId "2809575"]
[EventDate "2018.01.05"]

1. e4 e5 2. Nc3 Nf6 3. g3 d5 4. exd5 Nxd5 5. Bg2 Nxc3 6. bxc3 Nc6 7. Nf3 Bc5 8.
O-O O-O 9. Qe2 Re8 10. Re1 Bb6 11. d3 Bf5 12. Nd2 Qd7 13. Nc4 Bh3 14. Bh1 Bg4
15. Qe4 Rad8 16. Rb1 h6 17. a4 Kh8 18. Rb5 f5 19. Qg2 e4 20. d4 Bxd4 21. cxd4
Nxd4 22. Qf1 Nxc2 23. Ne3 Nxe1 24. Qxe1 c6 25. Rb1 Bf3 26. Bb2 Qf7 27. Ba1 Rd3
28. Qf1 Red8 29. Qh3 Kg8 30. Bg2 Bxg2 31. Qxg2 b6 32. h4 Qh5 33. a5 b5 34. Kh2
R8d7 35. Rc1 f4 36. gxf4 Qxh4+ 37. Kg1 Qxf4 38. Re1 Kh7 39. Bb2 R3d6 40. Nf1 Rg6
41. Ng3 Re7 42. Bd4 Qg4 43. Bc5 Re8 44. Bxa7 h5 45. Kf1 h4 46. Qh1 Rf8 47. Nxe4
Rf4 48. Bb6 Rf3 49. Nd2 Rd3 50. Be3 h3 51. Nf3 Rd5 52. a6 h2 53. Qxh2+ Rh5 54.
Qf4 Qd7 55. Ke2 Qd5 56. Ra1 Rd6 57. Ng5+ Rxg5 58. Qxg5 Qd3+ 59. Kf3 Rf6+ 60. Kg2
Rg6 61. a7 Rxg5+ 62. Bxg5 Qd5+ 63. Kh3 Qf3+ 64. Kh2 Qxf2+ 65. Kh3 Qf5+ 66. Kh4
Qe4+ 67. Kh3 Qe6+ 68. Kg2 Qd5+ 69. Kh3 Qf5+ 70. Kh4 Qe4+ 71. Kh3 Qf3+ 72. Kh2
Qh5+ 0-1

[Event "TCh-ISR 2018"]
[Site "Israel ISR"]
[Date "2018.02.09"]
[Round "5.6"]
[Board "1"]
[White "Psakhis, Lev"]
[Black "Sutovsky, Emil"]
[Result "0-1"]
[WhiteTitle "GM"]
[BlackTitle "GM"]
[WhiteElo "2475"]
[BlackElo "2673"]
[WhiteTeam "Tsafrir Rehovot"]
[BlackTeam "Ashdod Elite Club"]
[WhiteFideId "2800012"]
[BlackFideId "2802007"]
[EventDate "2018.01.05"]

1. e4 c5 2. Nf3 Nc6 3. Bb5 g6 4. Bxc6 bxc6 5. O-O Bg7 6. Re1 Nf6 7. h3 O-O 8. c3
e5 9. Nxe5 Re8 10. d4 cxd4 11. cxd4 c5 12. Bg5 h6 13. Bxf6 Qxf6 14. Nc3 cxd4 15.
Ng4 Qd8 16. Nd5 Bb7 17. Qd2 Bxd5 18. exd5 Qg5 19. Qxg5 hxg5 20. Nh2 Reb8 21. Re2
d3 22. Rd2 Rxb2 23. Rad1 Rxd2 24. Rxd2 Rc8 25. Rxd3 Rc1+ 26. Nf1 Bf8 27. Rd2 Bb4
28. Rb2 a5 29. g3 Rd1 30. Kg2 Rxd5 31. Ne3 Rd3 32. Rc2 f5 33. Nc4 Rc3 34. Rxc3
Bxc3 35. g4 Kf7 36. Kf3 Ke6 37. Ke2 d5 38. Ne3 Ke5 39. Ng2 Ke4 40. f3+ Ke5 41.
h4 fxg4 42. fxg4 gxh4 43. Nxh4 g5 44. Nf5 Ke4 45. a4 d4 46. Nh6 d3+ 47. Kd1 Kf3
48. Nf5 Kxg4 49. Ne3+ Kf3 50. Nd5 Bd4 0-1

[Event "TCh-ISR 2018"]
[Site "Israel ISR"]
[Date "2018.02.09"]
[Round "5.6"]
[Board "2"]
[White "Smirin, Ilia"]
[Black "Gorodetzky, David"]
[Result "0-1"]
[WhiteTitle "GM"]
[BlackTitle "FM"]
[WhiteElo "2613"]
[BlackElo "2411"]
[WhiteTeam "Ashdod Elite Club"]
[BlackTeam "Tsafrir Rehovot"]
[WhiteFideId "2801990"]
[BlackFideId "2813416"]
[EventDate "2018.01.05"]

1. e4 e6 2. d4 d5 3. Nc3 dxe4 4. Nxe4 Nd7 5. Bd3 Ngf6 6. Qe2 c5 7. Nf3 cxd4 8.
Nxf6+ Nxf6 9. O-O Bd6 10. Bg5 O-O 11. Rad1 h6 12. Bh4 e5 13. Nxe5 Re8 14. f4 Bg4
15. Bh7+ Nxh7 16. Qxg4 Qc8 17. Qf3 Nf8 18. Kh1 Qf5 19. Qxb7 Rac8 20. Nf3 Bc5 21.
b4 Rb8 22. Qa6 Rxb4 23. Ne5 Rbb8 24. Qa4 Rbc8 25. Rde1 Bb6 26. Nc6 Qd7 27. Re7
Qg4 28. Qb3 Qh5 29. Bg3 Ne6 30. f5 Ng5 31. Rfe1 Rf8 32. Qd5 Nh7 33. Rb7 Nf6 34.
Qb5 Kh7 35. a4 Rfe8 36. Rf1 Qe2 37. Qxe2 Rxe2 38. Nxa7 Bxa7 39. Rxa7 Rcxc2 40.
Rxf7 d3 41. Rc7 Rxc7 42. Bxc7 d2 43. Ba5 Ng4 44. Bxd2 Rxd2 45. Ra1 Ne3 46. a5
Nxg2 47. Kg1 Nh4 48. Ra3 Nxf5 49. a6 Rd8 50. a7 Ra8 51. Ra6 Kg8 52. Kg2 Kf7 53.
Kh3 h5 54. Kg2 Ke7 55. Kf3 Nd6 56. Kg3 Nc8 57. Rc6 Kd8 58. Kh4 Rxa7 59. Kxh5
Ra5+ 60. Kg4 Ne7 61. Rc4 Ke8 62. Rf4 Nd5 0-1

[Event "TCh-ISR 2018"]
[Site "Israel ISR"]
[Date "2018.02.09"]
[Round "5.6"]
[Board "3"]
[White "Veinberg, Nimrod"]
[Black "Moiseenko, Alexander"]
[Result "0-1"]
[WhiteTitle "FM"]
[BlackTitle "GM"]
[WhiteElo "2370"]
[BlackElo "2660"]
[WhiteTeam "Tsafrir Rehovot"]
[BlackTeam "Ashdod Elite Club"]
[WhiteFideId "2810280"]
[BlackFideId "14102560"]
[EventDate "2018.01.05"]

1. d4 Nf6 2. c4 e6 3. g3 c5 4. d5 exd5 5. cxd5 d6 6. Bg2 g6 7. Nc3 Bg7 8. Nf3
O-O 9. O-O Re8 10. Re1 a6 11. a4 Nbd7 12. Bf4 Ng4 13. h3 Nge5 14. Nxe5 Nxe5 15.
Rc1 Rb8 16. Rb1 Bf5 17. e4 Bd7 18. Bf1 b5 19. axb5 axb5 20. b4 Qf6 21. Bd2 c4
22. Re3 Ra8 23. Ra1 g5 24. Ra2 Rxa2 25. Nxa2 Ra8 26. Nc1 Qh6 27. g4 Qf6 28. Bc3
Qd8 29. Qc2 Ng6 30. Ne2 Bxc3 31. Qxc3 Qe7 32. Qc1 Qe5 33. Nc3 Nf4 34. Re1 Kg7
35. Qb2 h5 36. gxh5 Bxh3 37. h6+ Kxh6 38. Ra1 Rxa1 39. Qxa1 Bxf1 40. Kxf1 Qd4 0-1

[Event "TCh-ISR 2018"]
[Site "Israel ISR"]
[Date "2018.02.09"]
[Round "5.6"]
[Board "4"]
[White "Golod, Vitali"]
[Black "Parkhov, Yair"]
[Result "1/2-1/2"]
[WhiteTitle "GM"]
[BlackTitle "FM"]
[WhiteElo "2539"]
[BlackElo "2372"]
[WhiteTeam "Ashdod Elite Club"]
[BlackTeam "Tsafrir Rehovot"]
[WhiteFideId "2804140"]
[BlackFideId "2813408"]
[EventDate "2018.01.05"]

1. d4 d5 2. c4 e6 3. Nf3 c6 4. e3 Nf6 5. Nc3 Nbd7 6. Bd3 dxc4 7. Bxc4 b5 8. Be2
a6 9. Nd2 Bb7 10. Bf3 Qc7 11. a4 b4 12. Nce4 Nxe4 13. Nxe4 c5 14. O-O Rd8 15.
Bd2 Bxe4 16. Bxe4 Bd6 17. g3 O-O 18. Qe2 a5 19. Rac1 Qa7 20. Rfd1 Nf6 21. Bf3
cxd4 22. exd4 Rc8 23. Rc4 Qd7 24. Rxc8 Rxc8 25. Qa6 Qd8 26. Bc6 Nd5 27. Rc1 Ne7
28. Be4 Rxc1+ 29. Bxc1 h6 30. Be3 Bc7 31. Qb5 Bb6 32. b3 Nc8 33. Qc6 Kf8 34. Kf1
Nd6 35. Bd3 Ne8 36. Qc4 Nf6 37. Be2 Qd5 38. Qxd5 Nxd5 39. Bf3 Nf6 40. Ke2 Ke7
41. Kd3 Ne8 42. d5 Bxe3 43. fxe3 Nd6 44. dxe6 fxe6 45. Kd4 Nf5+ 46. Kc5 Nxe3 47.
Kb5 Kd6 48. Kxa5 Kc5 49. Ka6 Nf5 50. a5 Nd4 51. Kb7 Nxb3 52. a6 Na5+ 53. Kc7 Nc4
54. a7 Nb6 55. Bd1 e5 56. Bc2 Nd5+ 57. Kb7 Nb6 58. h4 h5 59. Kc7 Nd5+ 60. Kb8
Nb6 61. Kb7 Kb5 62. Bd3+ Kc5 63. Bc2 Kb5 64. Bd3+ Kc5 65. Bc2 Kb5 66. Bg6 b3 67.
Bb1 b2 68. Bc2 Kc5 69. Bd3 Kd4 70. Bf5 Kc5 71. Bc2 1/2-1/2

[Event "TCh-ISR 2018"]
[Site "Israel ISR"]
[Date "2018.02.09"]
[Round "5.6"]
[Board "5"]
[White "Galburd, Yan"]
[Black "Bar, Roman"]
[Result "1/2-1/2"]
[BlackTitle "IM"]
[WhiteElo "2344"]
[BlackElo "2485"]
[WhiteTeam "Tsafrir Rehovot"]
[BlackTeam "Ashdod Elite Club"]
[WhiteFideId "2808528"]
[BlackFideId "2803879"]
[EventDate "2018.01.05"]

1. Nf3 Nf6 2. g3 b5 3. Bg2 Bb7 4. O-O e6 5. d3 c5 6. e4 d6 7. b3 Nbd7 8. Bb2 Be7
9. Nbd2 O-O 10. Qe2 a6 11. Ne1 Qb6 12. Kh1 a5 13. f4 a4 14. Rb1 axb3 15. axb3
Ra2 16. g4 Ne8 17. g5 Nc7 18. Qh5 f5 19. gxf6 Bxf6 20. Bxf6 Nxf6 21. Qg5 d5 22.
e5 Nfe8 23. f5 exf5 24. Rxf5 Rxf5 25. Qxf5 Qe6 26. Qf2 Qe7 27. d4 cxd4 28. Ndf3
Ne6 29. Nxd4 Qc5 30. Nef3 N8c7 31. Qd2 b4 1/2-1/2

[Event "TCh-ISR 2018"]
[Site "Israel ISR"]
[Date "2018.02.09"]
[Round "5.6"]
[Board "6"]
[White "Grinberg, Eyal"]
[Black "Motenko, Dima"]
[Result "1-0"]
[WhiteTitle "IM"]
[WhiteElo "2448"]
[BlackElo "2150"]
[WhiteTeam "Ashdod Elite Club"]
[BlackTeam "Tsafrir Rehovot"]
[WhiteFideId "2806070"]
[BlackFideId "2806908"]
[EventDate "2018.01.05"]

1. e4 e6 2. d4 d5 3. Nd2 Nc6 4. Ngf3 Nf6 5. e5 Nd7 6. c4 dxc4 7. Nxc4 Nb6 8. a3
Nxc4 9. Bxc4 Bd7 10. O-O Ne7 11. Bg5 h6 12. Bxe7 Bxe7 13. d5 exd5 14. Qxd5 O-O
15. Qxb7 Rb8 16. Qxa7 Rb6 17. Rfd1 Qc8 18. Rac1 Bg4 19. Bd5 Rxb2 20. Rxc7 Qf5
21. Qd4 Bxa3 22. e6 Rb4 23. exf7+ Kh8 24. Qe3 Rb1 25. Rxb1 Qxb1+ 26. Ne1 Bb4 27.
Rc1 Qf5 28. Bb3 Bh5 29. Nd3 Bd6 30. Rc6 Ba3 31. Ra6 Bb4 32. Bc2 Qxf7 33. Nxb4
Re8 34. Qc3 Qf4 35. Ra1 Qg5 36. h3 Bg6 37. Bxg6 Qxg6 38. Nd5 Qg5 39. Ne3 Rb8 40.
Qc7 Rf8 41. Rb1 Kh7 42. Rb8 Rf6 43. Qc2+ 1-0

[Event "TCh-ISR 2018"]
[Site "Israel ISR"]
[Date "2018.02.16"]
[Round "7.1"]
[Board "1"]
[White "Rechlis, Gad"]
[Black "Moiseenko, Alexander"]
[Result "1/2-1/2"]
[WhiteTitle "GM"]
[BlackTitle "GM"]
[WhiteElo "2525"]
[BlackElo "2660"]
[WhiteTeam "Hapoel Petah Tikva"]
[BlackTeam "Ashdod Elite Club"]
[WhiteFideId "2800047"]
[BlackFideId "14102560"]
[EventDate "2018.01.05"]

1. e4 c5 2. Nf3 Nc6 3. d4 cxd4 4. Nxd4 e5 5. Nb5 d6 6. Be2 Be7 7. O-O Nf6 8. Bf3
a6 9. N5c3 Nd4 10. Nd2 b5 11. Nb3 Nxf3+ 12. Qxf3 b4 13. Nd5 Nxd5 14. exd5 Qc7
15. a4 bxa3 16. Rxa3 a5 17. Bd2 a4 18. Qc3 Qxc3 19. Bxc3 Bf5 20. Na1 Kd7 21. f4
Rhc8 22. b4 Bg6 23. Bb2 f6 24. Rg3 Bf8 25. f5 Bf7 26. Rd1 Rc4 27. Ba3 Rac8 28.
Kf2 Rf4+ 29. Rf3 Rxf3+ 30. gxf3 g6 31. fxg6 Bxg6 32. b5 Kc7 33. Rb1 Kb6 34. Rb4
Bxc2 35. Nxc2 Rxc2+ 36. Kg3 f5 37. Rxa4 Kxb5 38. Rb4+ Ka5 39. Rh4 Be7 40. Rxh7
Bg5 41. h3 Bf4+ 42. Kh4 e4 43. fxe4 fxe4 44. Re7 Be5 45. Re6 e3 46. Bxd6 Rc4+
47. Kg5 Bxd6 48. Rxd6 Re4 49. Rc6 e2 50. Rc1 e1=Q 51. Rxe1 Rxe1 52. h4 Rg1+ 53.
Kf6 Rh1 54. Kg5 Kb6 55. h5 Kc5 56. h6 Kxd5 57. Kg6 Ke6 58. Kg7 Rg1+ 59. Kf8 Rf1+
60. Kg7 Rf7+ 61. Kg6 Rf3 62. Kg7 Rf7+ 63. Kg6 Rf4 64. Kg7 Rg4+ 65. Kf8 Rh4 66.
Kg7 Ke7 67. h7 Rg4+ 68. Kh8 Rf4 69. Kg7 Rf1 70. h8=Q Rg1+ 71. Kh7 Rh1+ 72. Kg7
Rxh8 73. Kxh8 1/2-1/2

[Event "TCh-ISR 2018"]
[Site "Israel ISR"]
[Date "2018.02.16"]
[Round "7.1"]
[Board "2"]
[White "Sutovsky, Emil"]
[Black "Sivuk, Vitaly"]
[Result "1/2-1/2"]
[WhiteTitle "GM"]
[BlackTitle "GM"]
[WhiteElo "2673"]
[BlackElo "2550"]
[WhiteTeam "Ashdod Elite Club"]
[BlackTeam "Hapoel Petah Tikva"]
[WhiteFideId "2802007"]
[BlackFideId "14116502"]
[EventDate "2018.01.05"]

1. e4 e5 2. Nf3 Nf6 3. Nxe5 d6 4. Nf3 Nxe4 5. Nc3 Nxc3 6. dxc3 Be7 7. Be3 O-O 8.
Bd3 Nd7 9. Qe2 Re8 10. O-O-O c6 11. g4 d5 12. c4 Bc5 13. cxd5 cxd5 14. g5 Bxe3+
15. fxe3 Ne5 16. Nxe5 Rxe5 17. h4 Qe7 18. Rhe1 Bd7 19. c3 Re8 20. Bc2 Bc6 21.
Bb3 g6 22. Rd4 Rxe3 23. Qxe3 Qxe3+ 24. Rxe3 Rxe3 25. Bxd5 Bxd5 26. Rxd5 Re7 27.
Kd2 Kg7 28. c4 Re4 29. Kd3 Rxh4 30. Rd7 Rg4 31. Rxb7 Rxg5 32. b4 h5 33. c5 h4
34. c6 Rg3+ 35. Kd4 h3 36. c7 h2 37. c8=Q h1=Q 38. Rxf7+ Kxf7 39. Qc7+ Ke6 40.
Qe5+ Kd7 41. Qg7+ Ke6 42. Qe5+ Kf7 43. Qc7+ Ke6 1/2-1/2

[Event "TCh-ISR 2018"]
[Site "Israel ISR"]
[Date "2018.02.16"]
[Round "7.1"]
[Board "3"]
[White "Steinberg, Nitzan"]
[Black "Smirin, Ilia"]
[Result "1/2-1/2"]
[WhiteTitle "GM"]
[BlackTitle "GM"]
[WhiteElo "2512"]
[BlackElo "2613"]
[WhiteTeam "Hapoel Petah Tikva"]
[BlackTeam "Ashdod Elite Club"]
[WhiteFideId "2801795"]
[BlackFideId "2801990"]
[EventDate "2018.01.05"]

1. e4 c5 2. Nf3 e6 3. d4 cxd4 4. Nxd4 a6 5. c4 Nf6 6. Nc3 Qc7 7. Be2 Bb4 8. Qd3
Nc6 9. Nxc6 dxc6 10. a3 Bd6 11. Be3 O-O 12. c5 Be7 13. O-O e5 14. h3 Be6 15. Qc2
Rad8 16. Na4 h6 17. b4 Nh7 18. f4 f5 19. Nb6 Kh8 20. Bc4 fxe4 21. Qxe4 Bxc4 22.
Nxc4 Nf6 23. Qxe5 Qd7 24. Rae1 Nd5 25. Qe4 Bf6 26. Bd4 Nc3 27. Bxc3 Bxc3 28. Ne5
Bxe5 29. fxe5 Rxf1+ 30. Rxf1 Qe6 31. Qf5 Qb3 32. e6 Qe3+ 33. Kh1 Qe2 34. Qf7 Rd2
35. Rg1 Qe4 36. Qxb7 Qxe6 37. Qxa6 Qd5 38. b5 cxb5 39. Qxb5 Rd3 40. Qb8+ Kh7 41.
Qc8 Rxa3 42. Rf1 Rc3 43. Qf5+ Qxf5 44. Rxf5 Kg6 45. Rd5 Kf6 46. Kg1 Rc2 47. Kh2
Rc3 48. Rd6+ Ke5 49. Rc6 h5 50. Rc8 h4 51. c6 g5 52. c7 Kd6 53. Rg8 Rxc7 54.
Rxg5 Ke6 55. Rg4 Rh7 56. Kg1 Kf5 57. Kf2 Rh8 58. Kf3 Rh7 59. Ra4 Kg5 60. Ra5+
Kh6 61. Rf5 Ra7 62. Kg4 Rg7+ 63. Kxh4 Rxg2 64. Rf6+ Kg7 65. Rf4 Ra2 66. Kg3 1/2-1/2

[Event "TCh-ISR 2018"]
[Site "Israel ISR"]
[Date "2018.02.16"]
[Round "7.2"]
[Board "1"]
[White "Zoler, Dan"]
[Black "Zilberman, Yaacov"]
[Result "1/2-1/2"]
[WhiteTitle "GM"]
[BlackTitle "GM"]
[WhiteElo "2506"]
[BlackElo "2367"]
[WhiteTeam "Herzliya Chess Club"]
[BlackTeam "HaPoel Kfar Saba Bet"]
[WhiteFideId "2800705"]
[BlackFideId "2801612"]
[EventDate "2018.01.05"]

1. d4 d5 2. c4 dxc4 3. Nf3 Nf6 4. e3 Be6 5. Nc3 c6 6. Ng5 Qc8 7. a4 g6 8. a5 Bg7
9. Nxe6 Qxe6 10. Ra4 O-O 11. Bxc4 Qd6 12. b3 Qc7 13. Ba3 Rd8 14. Qf3 e5 15. O-O
exd4 16. exd4 Nbd7 17. Rc1 Rac8 18. Bf1 Nf8 19. a6 b6 20. Nb5 Qd7 21. Nd6 Rc7
22. Nb7 Re8 23. Bd6 Rcc8 24. Be5 Re6 25. Rac4 Nd5 26. Qg3 h5 27. h4 Rce8 28.
Bxg7 Kxg7 29. Qg5 Nh7 30. Qd2 Nhf6 31. Qc2 Ne7 32. g3 Nf5 33. Qc3 Ne4 34. Qb2
Kg8 35. Bh3 Qd5 36. Bg2 R8e7 37. Re1 Kh7 38. Qa1 Qb5 39. Qa3 Qd5 40. Qa1 Re8 41.
Rd1 Qb5 42. Qa4 Qd5 43. Rcc1 R8e7 44. Qc4 Rd7 45. Qxd5 Rxd5 46. Bxe4 Rxe4 47.
Rxc6 Rexd4 48. Rxd4 Nxd4 49. Rc8 Kg7 50. Ra8 Nc6 51. Rc8 Nd4 52. b4 Kf6 53. Nd8
Ke7 54. Nc6+ Nxc6 55. Rxc6 Kd7 56. Rf6 Rf5 57. Rxf5 gxf5 58. f3 1/2-1/2

[Event "TCh-ISR 2018"]
[Site "Israel ISR"]
[Date "2018.02.16"]
[Round "7.3"]
[Board "1"]
[White "Zubov, Alexander"]
[Black "Alterman, Boris"]
[Result "1/2-1/2"]
[WhiteTitle "GM"]
[BlackTitle "GM"]
[WhiteElo "2624"]
[BlackElo "2603"]
[WhiteTeam "Elizur Dov Petah Tikva"]
[BlackTeam "Rishon Letzion Feldklein"]
[WhiteFideId "14109409"]
[BlackFideId "2801906"]
[EventDate "2018.01.05"]

1. d4 Nf6 2. c4 e6 3. Nf3 b6 4. Bf4 Bb7 5. e3 Nh5 6. Bg5 Be7 7. Bxe7 Qxe7 8. Nc3
Nf6 9. d5 d6 10. Be2 O-O 11. O-O Nbd7 12. Re1 Nc5 13. Rc1 a5 14. Bf1 Nfe4 15.
Nxe4 Nxe4 16. Nd4 Rae8 17. a3 e5 18. Nb5 f5 19. f3 Nf6 20. b4 axb4 21. axb4 Ra8
22. Qd2 Ba6 23. Nc3 Bc8 24. Ra1 Bd7 25. Qb2 Rfc8 26. Rxa8 Rxa8 27. Ra1 Qd8 28.
Ra3 c6 29. dxc6 1/2-1/2

[Event "TCh-ISR 2018"]
[Site "Israel ISR"]
[Date "2018.02.16"]
[Round "7.3"]
[Board "3"]
[White "Oratovsky, Michael"]
[Black "Kobo, Ori"]
[Result "1/2-1/2"]
[WhiteTitle "GM"]
[BlackTitle "GM"]
[WhiteElo "2445"]
[BlackElo "2477"]
[WhiteTeam "Elizur Dov Petah Tikva"]
[BlackTeam "Rishon Letzion Feldklein"]
[WhiteFideId "2802090"]
[BlackFideId "2812320"]
[EventDate "2018.01.05"]

1. e4 g6 2. d4 Bg7 3. Nf3 d6 4. h3 Nf6 5. Bd3 O-O 6. O-O Nc6 7. c3 e5 8. Re1 a5
9. dxe5 Nxe5 10. Nxe5 dxe5 11. a4 Nh5 12. Be2 Nf4 13. Bxf4 exf4 14. Nd2 b6 15.
Bc4 Bb7 16. Qb3 Qd6 17. Nf3 Rad8 18. Rad1 Qe7 19. Bd5 Bc8 20. e5 Rde8 21. Qc4 g5
22. Nd4 Qc5 23. e6 fxe6 24. Qxc5 bxc5 25. Nxe6 Bxe6 26. Rxe6 Kh8 27. Rxe8 Rxe8
28. Bf3 Bf8 29. Kf1 Bd6 30. Re1 Rb8 31. Re2 Kg7 1/2-1/2

[Event "TCh-ISR 2018"]
[Site "Israel ISR"]
[Date "2018.02.16"]
[Round "7.3"]
[Board "4"]
[White "Zanan, Evgeny"]
[Black "Deutsch, Eyal"]
[Result "1/2-1/2"]
[WhiteTitle "IM"]
[BlackTitle "IM"]
[WhiteElo "2482"]
[BlackElo "2350"]
[WhiteTeam "Rishon Letzion Feldklein"]
[BlackTeam "Elizur Dov Petah Tikva"]
[WhiteFideId "24101940"]
[BlackFideId "2803917"]
[EventDate "2018.01.05"]

1. d4 Nf6 2. c4 e6 3. Nf3 d5 4. g3 Be7 5. Bg2 O-O 6. Qc2 dxc4 7. Qxc4 a6 8. Bf4
Nd5 9. Bd2 b5 10. Qc2 Bb7 11. O-O Nd7 12. Ba5 Qc8 13. Rc1 c5 14. Qd1 Qb8 15.
Nbd2 Rc8 16. e3 N5f6 17. Qe2 cxd4 18. Nxd4 Bxg2 19. Kxg2 Qb7+ 20. Qf3 Qxf3+ 21.
N2xf3 Nd5 22. Rc6 Bf6 23. Rac1 Rxc6 24. Rxc6 Ne5 25. Nxe5 Bxe5 26. Nb3 Bxb2 27.
e4 Ne7 28. Rc7 Ba3 29. Bb6 Kf8 30. Na1 Nc8 31. Ba5 Be7 32. Nb3 Ke8 33. Bc3 g6
34. Bd4 Bd8 35. Rc6 Ne7 36. Rc2 Rc8 37. Rd2 Nc6 38. Be3 Ne5 39. Bd4 Nc4 40. Rd3
Be7 41. f4 Rd8 42. e5 Rd5 43. Kf3 Kd7 44. Ke4 Kc6 45. g4 h6 46. Rc3 Bb4 47. Rh3
Bf8 48. Rc3 Bb4 49. Rh3 Bf8 50. Rc3 1/2-1/2

[Event "TCh-ISR 2018"]
[Site "Israel ISR"]
[Date "2018.02.16"]
[Round "7.3"]
[Board "5"]
[White "Mesropov, Konstantin"]
[Black "Liss, Eran"]
[Result "1/2-1/2"]
[WhiteTitle "IM"]
[BlackTitle "GM"]
[WhiteElo "2427"]
[BlackElo "2437"]
[WhiteTeam "Elizur Dov Petah Tikva"]
[BlackTeam "Rishon Letzion Feldklein"]
[WhiteFideId "4116887"]
[BlackFideId "2800721"]
[EventDate "2018.01.05"]

1. e4 e5 2. Nf3 Nc6 3. Bc4 Bc5 4. c3 Nf6 5. d4 exd4 6. e5 d5 7. Bb5 Ne4 8. cxd4
Bb6 9. Nc3 O-O 10. Be3 f5 11. g3 Ne7 12. Qb3 Kh8 13. O-O-O Be6 14. Ng5 Bg8 15.
Na4 Rc8 16. Kb1 c5 17. dxc5 Nxc5 18. Nxc5 Bxc5 19. f4 h6 20. Nf3 a6 21. Bxc5
Rxc5 22. Be2 d4 23. e6 Nc6 24. Rhe1 Re8 25. Bd3 Qf6 26. Qb6 Rd5 27. Qxb7 Rxe6
28. Ne5 Rdxe5 29. fxe5 Nxe5 30. Qd5 f4 31. Bc2 f3 32. Qxd4 Re7 33. Qf4 f2 34.
Qxf6 gxf6 35. Re2 f1=Q 36. Rxf1 Bc4 37. Bd1 Rd7 38. Ree1 Bxf1 39. Rxf1 Rd2 40.
h4 Kg7 41. Bc2 Rg2 42. Rc1 Rxg3 43. Bf5 Rf3 44. Rc7+ Kf8 45. Bc8 a5 46. Ra7 Rf1+
47. Kc2 Rf2+ 48. Kb3 Rf3+ 49. Ka4 Rf4+ 50. Ka3 Rf3+ 51. Ka4 Rf4+ 52. Ka3 Rf3+ 1/2-1/2

[Event "TCh-ISR 2018"]
[Site "Israel ISR"]
[Date "2018.02.16"]
[Round "7.4"]
[Board "1"]
[White "Flom, Gabriel"]
[Black "Roiz, Michael"]
[Result "1/2-1/2"]
[WhiteTitle "IM"]
[BlackTitle "GM"]
[WhiteElo "2493"]
[BlackElo "2614"]
[WhiteTeam "Jerusalem Tenth"]
[BlackTeam "Beer-Sheva"]
[WhiteFideId "621650"]
[BlackFideId "2804158"]
[EventDate "2018.01.05"]

1. d4 Nf6 2. c4 e6 3. Nc3 Bb4 4. a3 Bxc3+ 5. bxc3 Nc6 6. f3 b6 7. e4 Ba6 8. Bg5
h6 9. Bh4 g5 10. Bf2 Nh5 11. h4 Qf6 1/2-1/2